Statistics for New Zealand Rugby All Blacks - Most Dropped Goals in tests

Click here to take the quiz!

General Stats

  • This quiz has been taken 245 times
  • The average score is 5 of 8

Answer Stats

Dropped Goals Player % Correct
8Dan Carter
98%
7Grant Fox
94%
10Andrew Mehrtens
90%
5Don Clarke
68%
3Zinzan Brooke
65%
4Alan Hewson
56%
5Doug Bruce
30%
5Mac Herewini
23%

Score Distribution

Percentile by Number Answered

Percent of People with Each Score

Your Score History

You have not taken this quiz